Darwin en la provincia de Buenos Aires /
Entre 1831 y 1836, Charles Darwin participó de la famosa expedición por América del Sur y las islas del Pacífico a bordo del Beagle. Este viaje fue decisivo en su vida, ya que le permitió acumular información a partir de la cual desarrolló sus teorías sobre la evolución de las especies.
Guardado en:
| Autor Principal: | |
|---|---|
| Autor Corporativo: | |
| Formato: | |
| Publicado: |
Argentina,
2008
|
| Series: | Naturalistas viajeros
|
| Materias: | |
| Acceso en línea: | https://www.educ.ar/recursos/101722/darwin-en-la-provincia-de-buenos-aires |
| Etiquetas: |
Agregar Etiqueta
Sin Etiquetas, Sea el primero en etiquetar este registro!
|
| LEADER | 01388ngm a22003855g 4500 | ||
|---|---|---|---|
| 001 | CEM.cems023730 | ||
| 008 | 130507s2008##################0###0#####d | ||
| 005 | 20250630150828.0 | ||
| 245 | 1 | 0 | |a Darwin en la provincia de Buenos Aires / |c Pablo Chiarelli. |
| 260 | |a Argentina, |c 2008 | ||
| 300 | |a 28'. | ||
| 490 | 0 | |a Naturalistas viajeros | |
| 520 | |a Entre 1831 y 1836, Charles Darwin participó de la famosa expedición por América del Sur y las islas del Pacífico a bordo del Beagle. Este viaje fue decisivo en su vida, ya que le permitió acumular información a partir de la cual desarrolló sus teorías sobre la evolución de las especies. | ||
| 538 | |a Soporte: DVD - Color: Si - Grabación DRD | ||
| 500 | |a Consultar en ventanilla. | ||
| 100 | 1 | |a Chiarelli, Pablo | |
| 710 | 2 | |a Canal Encuentro. | |
| 082 | 9 | 4 | |/ CHI |
| 653 | |a EXPLORADORES | ||
| 653 | |a CIENCIAS NATURALES | ||
| 653 | |a CIENTIFICOS | ||
| 653 | |a CIENCIA | ||
| 653 | |a NATURALISMO | ||
| 653 | |a GEOLOGIA | ||
| 653 | |a ARQUELOGIA | ||
| 653 | |a BIOLOGIA | ||
| 653 | |a ESPECIES | ||
| 653 | |a BOTANICA | ||
| 653 | |a ZOOLOGIA | ||
| 653 | |a EVOLUCION | ||
| 653 | |a FOSILES | ||
| 653 | |a DARWIN | ||
| 653 | |a SERIE DE TELEVISIÓN | ||
| 856 | |u https://www.educ.ar/recursos/101722/darwin-en-la-provincia-de-buenos-aires | ||
| 859 | |a CEMS |b BIB. CEMS - Depto. Recursos Didacticos |h 940 |i CHI |k DRD |p 2373.15 |t Ej.1 | ||
